Thermoplastic elastomers (TPE): Compendium of thermoplastic elastomers-articles from 2009-2017 published in Rubber World magazine (Record no. 74773)

MARC details
000 -LEADER
fixed length control field 00463nam a22001337a 4500
082 ## - DEWEY DECIMAL CLASSIFICATION NUMBER
Classification number 678.074
Item number RUB
100 ## - MAIN ENTRY--AUTHOR NAME
Personal name LIPPINCOTT (Chip) etal.
245 ## - TITLE STATEMENT
Title Thermoplastic elastomers (TPE): Compendium of thermoplastic elastomers-articles from 2009-2017 published in Rubber World magazine
246 ## - VARYING FORM OF TITLE
Title proper/short title Rubber industry books box
260 ## - PUBLICATION, DISTRIBUTION, ETC. (IMPRINT)
Place of publication Thailand
Name of publisher TechnoBiz Communications
Year of publication 2018
300 ## - PHYSICAL DESCRIPTION
Number of Pages 95p.
650 ## - SUBJECT ADDED ENTRY--TOPICAL TERM
Topical Term Thermoplastic elastomers
-- Medical TPE
942 ## - ADDED ENTRY ELEMENTS (KOHA)
Koha item type Books
Holdings
Withdrawn status Lost status Damaged status Not for loan Home library Current library Date acquired Source of acquisition Full call number Accession Number Koha item type
        RRII Library RRII Library 12/07/2022 Maruthi Subscription Services, Hyderabad 678.074 RUB 23549 Books